Bugs can make sick!

Bibliographic Details
Main Author: Simons, Rae
Format: Book
Published: NY : AlphaHouse Pub. , 2009
Series:The kids' guide to disease & wellness: why people get sick and how they can stay well
Subjects:

MARC

LEADER 00000cam a2200000 7i4500
001 0000035310
005 20130204.0
008 130204
020 |a 1934970126 
090 0 0 |a 595.754   |b SIM 
100 1 |a Simons, Rae 
245 1 0 |a Bugs can make sick!   |c Rae Simons 
260 |a NY :   |b AlphaHouse Pub. ,   |c 2009 
440 |a The kids' guide to disease & wellness: why people get sick and how they can stay well 
650 0 |a Insects 
650 0 |a Insects   |x Juvenile literature 
999 |a 0001142724   |b Book   |c Adult Collection   |e Perbadanan Perpustakaan Awam Johor 
999 |a 0001142725   |b Book   |c Adult Collection   |e Perbadanan Perpustakaan Awam Johor 
999 |a 0001142726   |b Book   |c Adult Collection   |e Perbadanan Perpustakaan Awam Johor 
999 |a CD01142724   |b CD-ROM   |c REFERENCE   |e Perbadanan Perpustakaan Awam Johor 
999 |a CD01142725   |b CD-ROM   |c REFERENCE   |e Perbadanan Perpustakaan Awam Johor 
999 |a CD01142726   |b CD-ROM   |c REFERENCE   |e Perbadanan Perpustakaan Awam Johor